[Event "2024 Seattle Seafair Open"]
[Site "Seattle"]
[Date "2024.07.15"]
[Round "5"]
[White "Degenbaev, Aziz"]
[Black "Vijayakumar, Advaith"]
[Result "1-0"]
[WhiteElo "2350"]
[BlackElo "2208"]
[Annotator "Ralph Dubisch"]
[PlyCount "83"]
[GameId "2089733668839830"]
[EventDate "2024.07.13"]
[EventType "swiss"]
[EventRounds "5"]
[EventCountry "USA"]

1. e4 e5 2. Nf3 Nc6 3. Bb5 a6 4. Ba4 Nge7 (4... Nf6 {is a couple orders of magnitude more common.}) 5. O-O Ng6 ({With the g8-knight developed to e7, it's normal to fianchetto with} 5... g6 6. c3 Bg7 7. d4 {.}) 6. c3 d5 ({Or} 6... d6 7. d4 Bd7 {, reaching a slightly more popular line by transposition. White has choices here:} 8. Re1 (8. Be3 Be7 9. Nbd2 O-O 10. Re1) (8. d5 Nb8 9. Bxd7+ Nxd7 10. c4) 8... Be7 9. Nbd2 O-O 10. Nf1) 7. exd5 Qxd5 8. Bb3 Qd8 $6 (8... Qd3 9. Bc2 (9. Ng5 $6 Be7 {when incursions into f7 lead to material loss for White.}) 9... Qd6 10. d4 Be6 11. Be3 O-O-O {looks fine for Black.}) ({If} 8... Qd6 {directly} 9. Ng5 {could be a bit awkward to meet:} Nd8 10. d4 Be7 11. Nd2 exd4 12. Nde4 Qd7 13. cxd4 h6 14. Nh3 $14) 9. d4 $14 Be7 10. Nxe5 Ngxe5 11. dxe5 Qxd1 12. Rxd1 Nxe5 13. Bf4 f6 14. Bxe5 fxe5 15. Re1 Bd6 ({The bishop may prove to be an extra target on d6.} 15... Bf6 {at least avoids that problem.}) 16. Nd2 ({It's too weakening to work the pin to win the e-pawn. After} 16. f4 $2 Rf8 17. fxe5 Bc5+ 18. Kh1 Rf2 {Black has more than enough activity.}) 16... Rf8 17. Nc4 Rf5 18. Rad1 Ke7 19. Ne3 Rh5 20. Nd5+ Kf8 21. Nb6 $1 Rb8 22. Nc4 Ke7 23. f4 $1 {Correct only now that Black's pieces have been misplaced. Black will lose a pawn.} Be6 24. Nxe5 Bxe5 25. Bxe6 Kxe6 {The next sequence is really clever.} 26. g4 $3 Rh4 27. Rxe5+ Kf6 28. h3 $1 ({Elegant, but} 28. Rf5+ Ke6 29. Re1+ Kd6 30. Rg5 {also works, and Stockfish actually prefers this method.}) 28... h5 ({The tactical point is} 28... Rxh3 $4 29. Kg2 Rh4 30. Kg3 {and the rook is trapped.}) 29. Rf5+ Ke6 30. Re1+ Kd6 31. Rxh5 Rxh5 32. gxh5 Rf8 33. Re4 Rf5 34. Kg2 {With the black king cut off from the kingside action along the e-file, the rook endings are completely lost.} Rxh5 35. Kg3 Ra5 36. a3 g5 37. h4 gxh4+ 38. Kxh4 Rf5 39. Kg4 Rf8 40. f5 Kd5 41. Re2 Kc4 42. Kg5 1-0